<?xml version="1.0" encoding="UTF-8"?><record xmlns="http://www.loc.gov/MARC21/slim" xmlns:zs="http://docs.oasis-open.org/ns/search-ws/sruResponse">
  <leader>06712cas a2201057 a 4500</leader>
  <controlfield tag="001">11133833</controlfield>
  <controlfield tag="005">20260330104705.9</controlfield>
  <controlfield tag="008">801211c18749999mauqr p       0   a0eng c</controlfield>
  <datafield ind1=" " ind2=" " tag="010">
    <subfield code="a">   05016188 </subfield>
    <subfield code="z">sn 84042852 </subfield>
  </datafield>
  <datafield ind1="7" ind2=" " tag="016">
    <subfield code="a">100969228</subfield>
    <subfield code="2">DNLM</subfield>
  </datafield>
  <datafield ind1=" " ind2=" " tag="019">
    <subfield code="a">10247949</subfield>
    <subfield code="a">487700774</subfield>
    <subfield code="a">663010807</subfield>
    <subfield code="a">664453859</subfield>
    <subfield code="a">989936671</subfield>
    <subfield code="a">1013704450</subfield>
  </datafield>
  <datafield ind1="0" ind2=" " tag="022">
    <subfield code="a">0028-4785</subfield>
    <subfield code="2">1</subfield>
    <subfield code="0">http://issn.org/resource/ISSN/0028-4785#ISSN</subfield>
    <subfield code="1">http://issn.org/resource/ISSN/0028-4785</subfield>
  </datafield>
  <datafield ind1="0" ind2=" " tag="023">
    <subfield code="a">0028-4785</subfield>
    <subfield code="2">0</subfield>
    <subfield code="0">http://issn.org/resource/ISSN-L/0028-4785#ISSN-L</subfield>
    <subfield code="1">http://issn.org/resource/ISSN-L/0028-4785</subfield>
  </datafield>
  <datafield ind1="1" ind2=" " tag="023">
    <subfield code="a">9165-5374</subfield>
    <subfield code="2">0</subfield>
    <subfield code="0">http://issn.org/resource/ISSN-H/9165-5374#ISSN-H</subfield>
    <subfield code="1">http://issn.org/resource/ISSN-H/9165-5374</subfield>
  </datafield>
  <datafield ind1="1" ind2=" " tag="029">
    <subfield code="a">NLM</subfield>
    <subfield code="b">100969228</subfield>
  </datafield>
  <datafield ind1="1" ind2=" " tag="029">
    <subfield code="a">NZ1</subfield>
    <subfield code="b">2742807</subfield>
  </datafield>
  <datafield ind1="1" ind2=" " tag="029">
    <subfield code="a">AU@</subfield>
    <subfield code="b">000001267053</subfield>
  </datafield>
  <datafield ind1="1" ind2=" " tag="029">
    <subfield code="a">FHL</subfield>
    <subfield code="b">(UtSlFS)127567</subfield>
  </datafield>
  <datafield ind1=" " ind2=" " tag="032">
    <subfield code="a">378680</subfield>
    <subfield code="b">USPS</subfield>
  </datafield>
  <datafield ind1=" " ind2=" " tag="035">
    <subfield code="a">(OCoLC)7030049</subfield>
  </datafield>
  <datafield ind1=" " ind2=" " tag="040">
    <subfield code="a">VA@</subfield>
    <subfield code="b">eng</subfield>
    <subfield code="c">VA@</subfield>
    <subfield code="d">IUL</subfield>
    <subfield code="d">NYG</subfield>
    <subfield code="d">AIP</subfield>
    <subfield code="d">HUL</subfield>
    <subfield code="d">AIP</subfield>
    <subfield code="d">OCL</subfield>
    <subfield code="d">DLC</subfield>
    <subfield code="d">AIP</subfield>
    <subfield code="d">NSD</subfield>
    <subfield code="d">DLC</subfield>
    <subfield code="d">NYG</subfield>
    <subfield code="d">NST</subfield>
    <subfield code="d">OCL</subfield>
    <subfield code="d">NLM</subfield>
    <subfield code="d">OCLCQ</subfield>
    <subfield code="d">GUA</subfield>
    <subfield code="d">DLC</subfield>
    <subfield code="d">GUA</subfield>
    <subfield code="d">KRTAS</subfield>
    <subfield code="d">OCLCQ</subfield>
    <subfield code="d">PHA</subfield>
    <subfield code="d">OCLCF</subfield>
    <subfield code="d">CUV</subfield>
    <subfield code="d">FHL</subfield>
    <subfield code="d">OCLCO</subfield>
    <subfield code="d">CUV</subfield>
    <subfield code="d">UMC</subfield>
    <subfield code="d">MNMGS</subfield>
    <subfield code="d">GUA</subfield>
    <subfield code="d">CUY</subfield>
    <subfield code="d">CCH</subfield>
    <subfield code="d">IUL</subfield>
    <subfield code="d">OCLCO</subfield>
    <subfield code="d">CGU</subfield>
    <subfield code="d">HQD</subfield>
    <subfield code="d">IUL</subfield>
    <subfield code="d">DLC</subfield>
    <subfield code="d">OCLCQ</subfield>
    <subfield code="d">IUL</subfield>
    <subfield code="d">PAU</subfield>
  </datafield>
  <datafield ind1=" " ind2=" " tag="042">
    <subfield code="a">pcc</subfield>
    <subfield code="a">nsdp</subfield>
  </datafield>
  <datafield ind1=" " ind2=" " tag="043">
    <subfield code="a">n-usn--</subfield>
  </datafield>
  <datafield ind1="0" ind2="0" tag="050">
    <subfield code="a">F1</subfield>
    <subfield code="b">.N56</subfield>
  </datafield>
  <datafield ind1="0" ind2="4" tag="082">
    <subfield code="a">974/.005</subfield>
    <subfield code="2">19</subfield>
  </datafield>
  <datafield ind1="0" ind2=" " tag="210">
    <subfield code="a">N. Engl. hist. geneal. regist.</subfield>
  </datafield>
  <datafield ind1=" " ind2="4" tag="222">
    <subfield code="a">The New England historical and genealogical register</subfield>
  </datafield>
  <datafield ind1="0" ind2="4" tag="245">
    <subfield code="a">The New England historical and genealogical register /</subfield>
    <subfield code="c">New-England Historic Genealogical Society.</subfield>
  </datafield>
  <datafield ind1="1" ind2=" " tag="246">
    <subfield code="i">Beginning 2009, Oct. issues have cover title:</subfield>
    <subfield code="a">New England historical and genealogical register and ... annual supplement - American ancestors journal</subfield>
  </datafield>
  <datafield ind1="1" ind2=" " tag="246">
    <subfield code="i">Issues for &lt;2015- &gt; have cover title:</subfield>
    <subfield code="a">NEHG register</subfield>
  </datafield>
  <datafield ind1="1" ind2=" " tag="246">
    <subfield code="i">Issues &lt;2015- &gt; have subtitle:</subfield>
    <subfield code="a">Journal of American genealogy</subfield>
  </datafield>
  <datafield ind1="1" ind2="3" tag="246">
    <subfield code="a">Register</subfield>
  </datafield>
  <datafield ind1="1" ind2="6" tag="246">
    <subfield code="a">Historical and genealogical register</subfield>
    <subfield code="f">1874-1891</subfield>
  </datafield>
  <datafield ind1=" " ind2="1" tag="264">
    <subfield code="a">Boston :</subfield>
    <subfield code="b">New England Historic Genealogical Society,</subfield>
    <subfield code="c">1874-</subfield>
  </datafield>
  <datafield ind1=" " ind2=" " tag="300">
    <subfield code="a">volumes :</subfield>
    <subfield code="b">illustrations ;</subfield>
    <subfield code="c">23-24 cm</subfield>
  </datafield>
  <datafield ind1=" " ind2=" " tag="310">
    <subfield code="a">Quarterly</subfield>
  </datafield>
  <datafield ind1=" " ind2=" " tag="336">
    <subfield code="a">text</subfield>
    <subfield code="b">txt</subfield>
    <subfield code="2">rdacontent</subfield>
  </datafield>
  <datafield ind1=" " ind2=" " tag="337">
    <subfield code="a">unmediated</subfield>
    <subfield code="b">n</subfield>
    <subfield code="2">rdamedia</subfield>
  </datafield>
  <datafield ind1=" " ind2=" " tag="338">
    <subfield code="a">volume</subfield>
    <subfield code="b">nc</subfield>
    <subfield code="2">rdacarrier</subfield>
  </datafield>
  <datafield ind1="0" ind2=" " tag="362">
    <subfield code="a">Vol. 28, no. 1 (Jan. 1874)-</subfield>
  </datafield>
  <datafield ind1=" " ind2=" " tag="500">
    <subfield code="a">Title from cover.</subfield>
  </datafield>
  <datafield ind1=" " ind2=" " tag="500">
    <subfield code="a">Vols. for 1883-1898 include section: Genealogical gleanings in England.</subfield>
  </datafield>
  <datafield ind1=" " ind2=" " tag="500">
    <subfield code="a">Vols. for 1900-1923 include annual supplement: Proceedings of the New-England Historic Genealogical Society at the annual meeting 1900-1923; proceedings incorporated in Apr. issue, 1923-</subfield>
  </datafield>
  <datafield ind1=" " ind2=" " tag="515">
    <subfield code="a">Vols. for 1875-Jan. 1975 called also no. 113-513; January 1988- called also whole number 565-</subfield>
  </datafield>
  <datafield ind1=" " ind2=" " tag="525">
    <subfield code="a">Beginning in 2009, included in the Oct. issue is the annual supplement with title: American ancestors journal.</subfield>
  </datafield>
  <datafield ind1=" " ind2=" " tag="530">
    <subfield code="a">Available on microfilm from University Microfilms; also available online.</subfield>
  </datafield>
  <datafield ind1=" " ind2=" " tag="555">
    <subfield code="a">General index: Vols. 1 (1847)-10 (1856), in v. 10 (Includes index to the journal under its earlier titles); v. 11 (1857)-15 (1861) in v. 15 (Includes index to the journal under its earlier title); v. 51 (1897)-112 (1958). 1 v. ; Person index: Vols. 1 (1847)-50 (1896). 3 v. (Includes index to the journal under its earlier titles); Subject index: Vols. 1 (1847)-50 (1896). 1 v. (Includes index to the journal under its earlier titles); v. 51 (1897)-142 (1988). 1 v.; Place index: Vols. 1 (1847)-41 (1887), in v. 42 (Includes index to the journal under its earlier titles); v. 1 (1847)-50 (1896). 1 v. (Includes index to the journal under its earlier titles); Genealogy and pedigree index: Vols. 1 (1847)-50 (1896), in v. 50 (Includes index to the journal under its earlier titles); Testators in Water's Genealogical gleanings in England: Vols. 37 (1883)-52 (1898), in v. 52.</subfield>
  </datafield>
  <datafield ind1="1" ind2=" " tag="588">
    <subfield code="a">Volume 171, [no. 2] (spring 2017) = whole number 682.</subfield>
  </datafield>
  <datafield ind1=" " ind2="0" tag="651">
    <subfield code="a">New England</subfield>
    <subfield code="x">History</subfield>
    <subfield code="v">Periodicals.</subfield>
  </datafield>
  <datafield ind1=" " ind2="0" tag="651">
    <subfield code="a">New England</subfield>
    <subfield code="v">Genealogy</subfield>
    <subfield code="v">Periodicals.</subfield>
  </datafield>
  <datafield ind1=" " ind2="5" tag="651">
    <subfield code="a">New England</subfield>
    <subfield code="x">History</subfield>
    <subfield code="x">Periodi.</subfield>
    <subfield code="0">(local)tlcaut1736619874972153166</subfield>
  </datafield>
  <datafield ind1=" " ind2="7" tag="651">
    <subfield code="a">New England</subfield>
    <subfield code="x">History</subfield>
    <subfield code="v">Periodicals.</subfield>
    <subfield code="2">cash</subfield>
    <subfield code="0">(local)tlcaut1736619874972153166</subfield>
  </datafield>
  <datafield ind1=" " ind2="7" tag="651">
    <subfield code="a">New England.</subfield>
    <subfield code="2">fast</subfield>
    <subfield code="0">(OCoLC)fst01241913</subfield>
  </datafield>
  <datafield ind1=" " ind2="7" tag="651">
    <subfield code="a">United States, New England</subfield>
    <subfield code="x">History</subfield>
    <subfield code="x">Periodicals.</subfield>
    <subfield code="2">fssh</subfield>
  </datafield>
  <datafield ind1=" " ind2="7" tag="651">
    <subfield code="a">United States, New England</subfield>
    <subfield code="x">Genealogy</subfield>
    <subfield code="x">Periodicals.</subfield>
    <subfield code="2">fssh</subfield>
  </datafield>
  <datafield ind1=" " ind2="7" tag="655">
    <subfield code="a">Genealogy.</subfield>
    <subfield code="2">fast</subfield>
    <subfield code="0">(OCoLC)fst01423818</subfield>
  </datafield>
  <datafield ind1=" " ind2="7" tag="655">
    <subfield code="a">History.</subfield>
    <subfield code="2">fast</subfield>
    <subfield code="0">(OCoLC)fst01411628</subfield>
  </datafield>
  <datafield ind1=" " ind2="7" tag="655">
    <subfield code="a">Periodicals.</subfield>
    <subfield code="2">fast</subfield>
    <subfield code="0">(OCoLC)fst01411641</subfield>
  </datafield>
  <datafield ind1=" " ind2="7" tag="655">
    <subfield code="a">Periodicals.</subfield>
    <subfield code="2">lcgft</subfield>
    <subfield code="0">http://id.loc.gov/authorities/genreForms/gf2014026139</subfield>
  </datafield>
  <datafield ind1="2" ind2=" " tag="710">
    <subfield code="a">Joseph Meredith Toner Collection (Library of Congress)</subfield>
    <subfield code="5">DLC</subfield>
  </datafield>
  <datafield ind1="2" ind2=" " tag="710">
    <subfield code="a">New England Historic Genealogical Society,</subfield>
    <subfield code="e">issuing body,</subfield>
    <subfield code="e">publisher.</subfield>
    <subfield code="1">https://id.oclc.org/worldcat/entity/E39QH7JmpmGdjGBRh3mVQqmWc6</subfield>
  </datafield>
  <datafield ind1="0" ind2="2" tag="740">
    <subfield code="a">Genealogical gleanings in England.</subfield>
  </datafield>
  <datafield ind1="0" ind2="2" tag="740">
    <subfield code="a">American ancestors journal.</subfield>
  </datafield>
  <datafield ind1="1" ind2=" " tag="776">
    <subfield code="t">New England historical and genealogical register (Online)</subfield>
    <subfield code="w">(DLC)  2007233602</subfield>
    <subfield code="w">(OCoLC)71149244</subfield>
  </datafield>
  <datafield ind1="0" ind2="8" tag="776">
    <subfield code="i">Online version:</subfield>
    <subfield code="t">New England historical and genealogical register</subfield>
    <subfield code="w">(OCoLC)1393122471</subfield>
  </datafield>
  <datafield ind1="0" ind2="0" tag="780">
    <subfield code="t">New England historical &amp; genealogical register and antiquarian journal</subfield>
    <subfield code="x">3068-0875</subfield>
    <subfield code="w">(DLC)   86655750</subfield>
    <subfield code="w">(OCoLC)5304502</subfield>
  </datafield>
  <datafield ind1=" " ind2=" " tag="850">
    <subfield code="a">DLC</subfield>
    <subfield code="a">MH-DO</subfield>
    <subfield code="a">NjR</subfield>
    <subfield code="a">Vi</subfield>
    <subfield code="a">ViBlbV</subfield>
    <subfield code="a">VtU</subfield>
  </datafield>
  <datafield ind1="4" ind2="1" tag="859">
    <subfield code="h">http://proquest.umi.com/pqdweb</subfield>
  </datafield>
  <datafield ind1=" " ind2=" " tag="906">
    <subfield code="a">7</subfield>
    <subfield code="b">cbc</subfield>
    <subfield code="c">serials</subfield>
    <subfield code="d">3</subfield>
    <subfield code="e">ncip</subfield>
    <subfield code="f">19</subfield>
    <subfield code="g">n-oclcserc</subfield>
  </datafield>
  <datafield ind1=" " ind2=" " tag="955">
    <subfield code="a">Item 00193121779 received in CCS 2009-06-12</subfield>
    <subfield code="a">Barcode 00200799124 returned from bindery 2009-11-20</subfield>
    <subfield code="a">Barcode 00200799148 returned from bindery 2009-11-20</subfield>
    <subfield code="a">Barcode 00200799136 returned from bindery 2009-11-20</subfield>
    <subfield code="a">Item 00193121779 left CCS 2010-02-24</subfield>
    <subfield code="u">he04 2020-07-29 TW situational</subfield>
  </datafield>
  <datafield ind1=" " ind2=" " tag="590">
    <subfield code="a">SERBIB/SERLOC merged record</subfield>
  </datafield>
  <datafield ind1=" " ind2=" " tag="590">
    <subfield code="a">F1.N56 Set 3 has vol. 2-6, 38, 35, 38, 39, 45, and 46.</subfield>
  </datafield>
  <datafield ind1="4" ind2="1" tag="856">
    <subfield code="u">https://hdl.loc.gov/loc.gdc/05016188</subfield>
  </datafield>
  <datafield ind1=" " ind2=" " tag="890">
    <subfield code="a">New England historical and genealogical register.</subfield>
    <subfield code="i">sv99-3915</subfield>
  </datafield>
  <datafield ind1=" " ind2=" " tag="920">
    <subfield code="a">Keep 3</subfield>
  </datafield>
  <datafield ind1=" " ind2=" " tag="952">
    <subfield code="a">LAC ael 2019-05-22 update (6 cards)</subfield>
  </datafield>
  <datafield ind1=" " ind2=" " tag="952">
    <subfield code="a">LAC nsk 2020-09-21 update (6 cards)</subfield>
  </datafield>
  <datafield ind1=" " ind2=" " tag="984">
    <subfield code="a">srvf</subfield>
    <subfield code="b">dg11</subfield>
    <subfield code="d">2002-11-05</subfield>
  </datafield>
  <datafield ind1=" " ind2=" " tag="984">
    <subfield code="a">rsl</subfield>
    <subfield code="d">2019-05-22</subfield>
  </datafield>
  <datafield ind1=" " ind2=" " tag="984">
    <subfield code="a">rsl</subfield>
    <subfield code="d">2020-09-21</subfield>
  </datafield>
  <datafield ind1=" " ind2=" " tag="985">
    <subfield code="a">rblacfederal</subfield>
    <subfield code="d">20190522</subfield>
  </datafield>
  <datafield ind1=" " ind2=" " tag="985">
    <subfield code="a">rblacfederal</subfield>
    <subfield code="d">20200921</subfield>
  </datafield>
  <datafield ind1=" " ind2=" " tag="985">
    <subfield code="a">digrepo/gdc</subfield>
  </datafield>
  <datafield ind1=" " ind2=" " tag="991">
    <subfield code="b">c-GenColl</subfield>
    <subfield code="h">F1</subfield>
    <subfield code="i">.N56</subfield>
    <subfield code="w">SERIALS</subfield>
  </datafield>
  <datafield ind1=" " ind2=" " tag="991">
    <subfield code="b">c-GenColl</subfield>
    <subfield code="h">F1</subfield>
    <subfield code="i">.N56</subfield>
    <subfield code="p">00005531585</subfield>
    <subfield code="t">Copy 2</subfield>
    <subfield code="v">1 1847 * 1847</subfield>
    <subfield code="w">CCF</subfield>
  </datafield>
  <datafield ind1=" " ind2=" " tag="991">
    <subfield code="b">c-GenColl</subfield>
    <subfield code="h">F1</subfield>
    <subfield code="i">.N56</subfield>
    <subfield code="p">00024237540</subfield>
    <subfield code="t">Copy 2</subfield>
    <subfield code="v">26/1872 * 8888</subfield>
    <subfield code="w">CCF</subfield>
  </datafield>
  <datafield ind1=" " ind2=" " tag="991">
    <subfield code="b">c-GenColl</subfield>
    <subfield code="h">F1</subfield>
    <subfield code="i">.N56</subfield>
    <subfield code="p">00005770348</subfield>
    <subfield code="t">Copy 2</subfield>
    <subfield code="v">28 1874 * 8888</subfield>
    <subfield code="w">CCF</subfield>
  </datafield>
  <datafield ind1=" " ind2=" " tag="991">
    <subfield code="b">c-GenColl</subfield>
    <subfield code="h">F1</subfield>
    <subfield code="i">.N56</subfield>
    <subfield code="p">00005770774</subfield>
    <subfield code="t">Copy 2</subfield>
    <subfield code="v">33:1879 * 8888</subfield>
    <subfield code="w">CCF</subfield>
  </datafield>
  <datafield ind1=" " ind2=" " tag="991">
    <subfield code="b">c-GenColl</subfield>
    <subfield code="h">F1</subfield>
    <subfield code="i">.N56</subfield>
    <subfield code="p">00017822275</subfield>
    <subfield code="t">Copy 1</subfield>
    <subfield code="v">35 * 8888</subfield>
    <subfield code="w">CCF</subfield>
  </datafield>
  <datafield ind1=" " ind2=" " tag="991">
    <subfield code="b">c-GenColl</subfield>
    <subfield code="h">F1</subfield>
    <subfield code="i">.N56</subfield>
    <subfield code="p">00005771134</subfield>
    <subfield code="t">Copy 2</subfield>
    <subfield code="v">79:313-316 * 8888</subfield>
    <subfield code="w">CCF</subfield>
  </datafield>
  <datafield ind1=" " ind2=" " tag="992">
    <subfield code="b">call x7-5305</subfield>
    <subfield code="w">SERLOC</subfield>
  </datafield>
</record>
